000 00531nam a2200145Ia 4500
008 181022s9999 xx 000 0 und d
020 _a9781138196896
100 _aVexler, Albert.
245 _cAlbert Vexler, Alan Hutson.--
_aStatistics in the health sciences :
_btheory, applications, and computing /
260 _aFlorida :
_bCRC press
_c2018
300 _axviii, 397 pages.
500 _aIncludes bibliographical references and index.
650 _aMedical statistics.
650 _aMedicine -- research -- statistical methods.
999 _c359293
_d359293